[Event "86th ch-ARG 2012"]
[Site "La Plata ARG"]
[Date "2012.07.08"]
[Round "6.9"]
[White "Spata,G"]
[Black "Mahia,G"]
[Result "0-1"]
[WhiteElo "2278"]
[BlackElo "2401"]

1.d4 g6 2.Nf3 Bg7 3.g3 Nf6 4.Bg2 O-O 5.c4 d6 6.O-O c6 7.Nc3 Qa5 8.h3 Be6
9.d5 cxd5 10.Nd4 dxc4 11.Nxe6 fxe6 12.Bxb7 Nbd7 13.Bxa8 Rxa8 14.Qa4 Qxa4
15.Nxa4 Ne4 16.Be3 Nb6 17.Bxb6 axb6 18.Nxb6 Ra6 19.Nxc4 d5 20.Ne3 Bxb2 21.Rad1 Rxa2
22.Rd3 Bg7 23.Ng2 Nc5 24.Rdd1 Rxe2 25.Nf4 Ra2 26.Rfe1 Kf7 27.Re2 Ra6 28.f3 Ra3
29.Rde1 Bc3 30.Rd1 g5 31.Ng2 Bf6 32.Ne1 h5 33.Kg2 h4 34.gxh4 gxh4 35.Nc2 Rc3
36.Ne3 Nd3 37.Kh1 Nf4 38.Ree1  0-1

[Event "9th South Wales Int"]
[Site "Penarth WLS"]
[Date "2012.07.08"]
[Round "3.6"]
[White "Poobalasingam,P"]
[Black "Iyengar,I"]
[Result "1-0"]
[WhiteElo "2263"]
[BlackElo "2003"]

1.d4 Nf6 2.c4 g6 3.g3 Bg7 4.Bg2 O-O 5.Nf3 d6 6.O-O Nc6 7.Nc3 e5 8.d5 Ne7
9.Ne1 Nd7 10.e4 f5 11.Nd3 Kh8 12.f4 c5 13.Bd2 a6 14.a4 Rb8 15.Qc2 Qc7 16.Kh1 b6
17.Rae1 exf4 18.Bxf4 Ne5 19.Nxe5 dxe5 20.Bg5 Ng8 21.Qd2 Qd6 22.Qc1 Rb7 23.Rf3 Rbf7
24.Ref1 Qc7 25.Qd2 Bf6 26.Be3 Bg7 27.a5 b5 28.cxb5 Qxa5 29.Bxc5 Rd8 30.b4 Qc7
31.b6 Qb7 32.Bh3 Bh6 33.Qg2 f4 34.gxf4 Bxf4 35.Bxc8 Rxc8 36.Rxf4 exf4 37.Bd4+ Nf6
38.Qg5 Rcf8 39.Rxf4 Kg7 40.e5 Nxd5 41.Rxf7+ Rxf7 42.e6+ Nf6+ 43.Nd5  1-0

[Event "9th South Wales Int"]
[Site "Penarth WLS"]
[Date "2012.07.08"]
[Round "3.3"]
[White "Arkell,K"]
[Black "Rayner,F"]
[Result "1-0"]
[WhiteElo "2441"]
[BlackElo "2160"]

1.d4 Nf6 2.Nf3 g6 3.c4 Bg7 4.g3 O-O 5.Bg2 d6 6.O-O Nbd7 7.d5 Nb6 8.Nbd2 e6
9.dxe6 Bxe6 10.Nd4 Bc8 11.e4 Ng4 12.Nc2 Na4 13.Rb1 c6 14.Ne1 Qa5 15.Nd3 Qa6
16.Qc2 Be6 17.Nf4 Bd7 18.h3 Ne5 19.b3 Nc5 20.a4 f5 21.Ba3 Rad8 22.Rbd1 Bc8
23.exf5 Bxf5 24.Ne4 Qb6 25.b4 Nxe4 26.Bxe4 Nf3+ 27.Kg2 Nd4 28.Qd3 Bxe4+ 29.Qxe4 Rde8
30.Qd3 c5 31.b5 Qd8 32.Bc1 b6 33.Nd5 Rf3 34.Be3 Ref8 35.Rde1 Qa8 36.Qd1 R3f5
37.Bxd4 Bxd4 38.f4 Rxd5 39.cxd5 Qxd5+ 40.Qf3 Qa2+ 41.Re2 Qxa4 42.Qd5+ Rf7
43.Rfe1 Kg7 44.Re7 Qc2+ 45.R1e2 Qf5 46.Qxd6 Kh6 47.Rxf7 Qxf7 48.Qe6 Qb7+
49.Qe4 Qd7 50.g4 Qf7 51.g5+ Kg7 52.Qe7 Qxe7 53.Rxe7+ Kg8 54.Rxa7 c4 55.Ra4  1-0

[Event "4th Rethymno Open"]
[Site "Rethymno GRE"]
[Date "2012.07.08"]
[Round "2.16"]
[White "Rychagov,A"]
[Black "Milonakis,G"]
[Result "1-0"]
[WhiteElo "2517"]
[BlackElo "2189"]

1.d4 Nf6 2.c4 g6 3.g3 Bg7 4.Bg2 d6 5.Nf3 O-O 6.O-O Nc6 7.Nc3 a6 8.d5 Na5
9.Nd2 c5 10.Qc2 Rb8 11.Rb1 b5 12.b3 bxc4 13.bxc4 Bf5 14.e4 Rxb1 15.Ncxb1 Bd7
16.Bb2 Qc7 17.Nc3 Rb8 18.Nd1 Rb4 19.Bc3 Ra4 20.Ne3 Ra3 21.Qb2 Rxc3 22.Qxc3 Nxd5
23.Nxd5 Bxc3 24.Nxc7 Bxd2 25.Nd5 Nxc4 26.Nxe7+ Kf8 27.Nd5 Be6 28.Rb1 Bxd5
29.Rb8+ Ke7 30.exd5 Na3 31.Kf1 a5 32.Ke2 Bb4 33.g4 h6 34.h4 Kf6 35.f4 Nb1
36.Kd3 Na3 37.Be4 c4+ 38.Ke2 Kg7 39.Kd1 Kf6 40.Bc2 Bc5 41.Be4 Kg7 42.Kc1 c3
43.Bd3 Kf6 44.Kd1 Kg7 45.Ra8 Bb4 46.h5 gxh5 47.gxh5 Kf6 48.Rb8 Kg7 49.Rc8 Bc5
50.Ra8 Bb4 51.Kc1 Kf6 52.Ra7 Bc5 53.Rxa5 Be3+ 54.Kd1 c2+ 55.Bxc2 Nxc2 56.Kxc2 Bxf4
57.Rb5 Ke5 58.Kd3 Bh2 59.a4 f5 60.a5  1-0

[Event "Werner-Ott-Open 2012"]
[Site "Berlin GER"]
[Date "2012.07.09"]
[Round "3.19"]
[White "Heldt,Ronny"]
[Black "Sommaro,K"]
[Result "0-1"]
[WhiteElo "1760"]
[BlackElo "2120"]

1.d4 Nf6 2.c4 g6 3.Nf3 Bg7 4.g3 d6 5.Bg2 O-O 6.Nc3 c6 7.O-O Qc7 8.e4 a6 9.d5 Nbd7
10.Qe2 cxd5 11.cxd5 b5 12.h3 Rb8 13.Be3 b4 14.Nd1 Bb7 15.Nd2 Nc5 16.Rc1 Nfd7
17.Nb3 a5 18.Qc2 Rfc8 19.Re1 Qd8 20.Qb1 Nxb3 21.axb3 Nc5 22.Bxc5 Rxc5 23.Rxc5 dxc5
24.Ne3 Bd4 25.Qc2 e6 26.Rd1 Ba6 27.Rd2 Qg5 28.h4 Qe5 29.Ng4 Qxg3 30.dxe6 Qxg4
31.exf7+ Kg7 32.Rxd4 cxd4 33.Qc7 Rf8 34.Qxa5 Be2 35.Qe5+ Kxf7 36.Qc7+ Kg8
37.Qe5 Qd7 38.Bh3 Bg4 39.Bf1 Be6 40.f4 Bxb3 41.f5 gxf5 42.Bh3 Qg7+  0-1

[Event "5th Int ch-Central Serbia 2012"]
[Site "Paracin SRB"]
[Date "2012.07.09"]
[Round "4.31"]
[White "Debevec,B"]
[Black "Cabarkapa,N"]
[Result "0-1"]
[WhiteElo "2083"]
[BlackElo "2254"]

1.d4 Nf6 2.c4 g6 3.Nf3 Bg7 4.g3 O-O 5.Bg2 d6 6.O-O Nbd7 7.Nc3 e5 8.e4 exd4
9.Nxd4 a5 10.h3 Re8 11.Re1 Nc5 12.b3 c6 13.Rb1 Qb6 14.Bb2 Nfd7 15.Nf3 Ne5
16.Nxe5 dxe5 17.Qc2 h5 18.Bc1 Ne6 19.Na4 Qd8 20.c5 Nd4 21.Qc3 Be6 22.Nb6 Ra6
23.Be3 Bf8 24.Rbd1 Ne2+ 25.Rxe2 Qxd1+ 26.Re1 Qd8 27.Bf1 Rxb6 28.cxb6 Bb4
29.Qc1 Bxe1 30.Qxe1 Qd7 31.h4 Rd8 32.Be2 Ra8 33.Qc3 f6 34.f4 a4 35.fxe5 axb3
36.axb3 Ra2 37.Kf1 Bh3+ 38.Ke1 Bg4 39.Bc4+ Kh7 40.Bd2 fxe5 41.b4 Ra8 42.Qxe5 Re8
43.Qf4 Qg7 44.Bd3 Rf8 45.Qg5 Rf7 46.b5 cxb5 47.Qxb5 Qa1+ 48.Qb1 Qd4 49.Bf1 Rxf1+  0-1

[Event "16th Godesburg Open"]
[Site "Bad Godesberg GER"]
[Date "2012.07.11"]
[Round "5.29"]
[White "Dungl,M"]
[Black "Hornischer,Josef Gottfried"]
[Result "0-1"]
[WhiteElo "1964"]
[BlackElo "1918"]

1.Nf3 Nf6 2.d4 g6 3.g3 Bg7 4.Bg2 O-O 5.c4 d6 6.Nc3 c6 7.O-O Bf5 8.Re1 Ne4
9.Nh4 Nxc3 10.bxc3 Be6 11.Rb1 Qc7 12.Qd3 Na6 13.e4 Rfd8 14.f4 Rf8 15.f5 Bd7
16.Bg5 f6 17.Bd2 g5 18.Nf3 h6 19.h3 Rab8 20.g4 Rfd8 21.h4 Be8 22.hxg5 fxg5
23.Bxg5 hxg5 24.Nxg5 Bf7 25.Qh3 e5 26.Qh7+ Kf8 27.f6 Bxf6 28.Rf1 Bxg5 29.Rxf7+ Qxf7
30.Rf1 Bf4  0-1

[Event "Int Open ch-SVK 2012"]
[Site "Banska Stiavnica SVK"]
[Date "2012.07.11"]
[Round "5.11"]
[White "Banduka,Z"]
[Black "Mazur,Ste"]
[Result "0-1"]
[WhiteElo "2173"]
[BlackElo "2401"]

1.d4 Nf6 2.c4 g6 3.g3 Bg7 4.Bg2 O-O 5.Nf3 d6 6.O-O Nc6 7.d5 Na5 8.Nfd2 c6
9.Nc3 cxd5 10.cxd5 Bd7 11.Nb3 Nc4 12.Nd4 Qa5 13.Rb1 Rfc8 14.h3 b5 15.Nc6 Bxc6
16.dxc6 b4 17.Ne4 Nxe4 18.Bxe4 e6 19.b3 d5 20.bxc4 dxe4 21.Qb3 Rxc6 22.Qxb4 Qxa2
23.Qb7 Rcc8 24.Be3 a5 25.c5 a4 26.Rfd1 a3 27.Bd4 Bxd4 28.Rxd4 Qc2 29.Qxe4 Qxe4
30.Rxe4 a2 31.Ra1 Rcb8  0-1

[Event "35th Barbera Open A"]
[Site "Barbera del Valles ESP"]
[Date "2012.07.11"]
[Round "8.31"]
[White "Iagar,R"]
[Black "Umudova,N"]
[Result "0-1"]
[WhiteElo "2154"]
[BlackElo "2210"]

1.d4 Nf6 2.c4 g6 3.Nf3 Bg7 4.g3 O-O 5.Bg2 d6 6.O-O Nc6 7.Nc3 a6 8.Qd3 Bf5
9.e4 Bg4 10.h3 Bxf3 11.Bxf3 Nd7 12.Be3 e5 13.d5 Nd4 14.Bg2 c5 15.dxc6 bxc6
16.b4 f5 17.Rab1 Qf6 18.Rfd1 Rac8 19.f4 c5 20.Nd5 Qe6 21.a3 Kh8 22.Kh2 exf4
23.gxf4 g5 24.Bxd4 Bxd4 25.exf5 Qh6 26.bxc5 dxc5 27.Rb7 Rcd8 28.Re1 Rf7 29.Re6 Qh4
30.Qe2 Ne5 31.Rxf7 Nxf7 32.Qe1 Qxe1 33.Rxe1 gxf4 34.Re6 Ng5 35.Rxa6 f3 36.Bf1 Ne4
37.Nc7 Be5+  0-1

[Event "Turkish Bank Chess League 2012"]
[Site "Konya TUR"]
[Date "2012.07.11"]
[Round "1"]
[White "Cetinkaya,V"]
[Black "Coban,Met"]
[Result "1-0"]
[WhiteElo "2040"]
[BlackElo "1930"]

1.d4 Nf6 2.c4 g6 3.Nf3 Bg7 4.g3 O-O 5.Bg2 d6 6.Nc3 Nbd7 7.e4 c6 8.h3 e5 9.Be3 Re8
10.O-O exd4 11.Nxd4 Qc7 12.Re1 a6 13.Rc1 Nc5 14.Qc2 Qe7 15.f3 a5 16.Rcd1 Nfd7
17.f4 h5 18.Bf2 Nf8 19.Kh2 Qc7 20.Ndb5 cxb5 21.Nxb5 Qe7 22.Nxd6 Na6 23.Nxe8 Qxe8
24.b3 Qc6 25.e5 Qc7 26.Rd6 Nc5 27.Qd2 Nfe6 28.Qe3 Bf8 29.Rd2 Bd7 30.Red1 Rb8
31.Bd5 b6 32.f5 gxf5 33.Bxe6 Bxe6 34.Qg5+ Bg7 35.Rd8+ Rxd8 36.Rxd8+ Kh7 37.Be3 Qxd8
38.Qxd8 Bxe5 39.Qxb6 Ne4 40.Bf4  1-0

[Event "6th Varna Open"]
[Site "Varna BUL"]
[Date "2012.07.11"]
[Round "1.3"]
[White "Bagaturov,G"]
[Black "Schmidek,Emil"]
[Result "1-0"]
[WhiteElo "2455"]
[BlackElo "1812"]

1.d4 Nf6 2.Nf3 g6 3.g3 Bg7 4.Bg2 O-O 5.c4 d6 6.Nc3 Nbd7 7.O-O c6 8.e4 e5
9.b3 exd4 10.Nxd4 Nc5 11.h3 Re8 12.Re1 a5 13.Rb1 Qb6 14.Be3 Qd8 15.Qc2 Nfd7
16.Rbd1 Nb6 17.Nxc6 bxc6 18.Bxc5 Qc7 19.Bxd6 Qb7 20.e5 Bf5 21.Ne4 Nd7 22.g4 Bxe4
23.Qxe4 Nxe5 24.f4 Nd7 25.Qxe8+ Rxe8 26.Rxe8+ Nf8 27.Bc5 Qc7 28.Rd6 h6 29.Be4 Kh7
30.f5 Bd4+ 31.Rxd4 Qg3+ 32.Bg2 Ne6 33.fxe6 Qe1+ 34.Bf1 Qg3+ 35.Kh1 Qf2 36.Rd1 Qf3+
37.Kg1 Qxd1 38.exf7 Qf3 39.f8=Q  1-0

[Event "Werner-Ott-Open 2012"]
[Site "Berlin GER"]
[Date "2012.07.12"]
[Round "6.11"]
[White "Krefenstein,Sergej"]
[Black "Kohler,T"]
[Result "0-1"]
[WhiteElo "2038"]
[BlackElo "2244"]

1.d4 Nf6 2.c4 g6 3.Nf3 Bg7 4.g3 O-O 5.Bg2 d6 6.Nc3 Nc6 7.O-O Bf5 8.d5 Na5
9.Nd2 c5 10.e4 Bd7 11.Qc2 a6 12.b3 b5 13.Bb2 Rb8 14.Rab1 e5 15.Ne2 h5 16.Bc3 h4
17.Nc1 hxg3 18.hxg3 b4 19.Bb2 Ng4 20.Nf3 f5 21.Nh2 Nxh2 22.Kxh2 f4 23.f3 fxg3+
24.Kxg3 Qg5+ 25.Kf2 Bh6 26.Ke1 Nb7 27.Nd3 a5 28.Bc1 Qg3+ 29.Qf2 Qxf2+ 30.Kxf2 Bxc1
31.Rbxc1 a4 32.Kg3 Kg7 33.Bh3 Bxh3 34.Kxh3 Rh8+ 35.Kg3 Rh5 36.Rh1 Rxh1 37.Rxh1 axb3
38.axb3 Ra8 39.Kg4 Ra3 40.Rb1 Ra2 41.Nc1 Rg2+ 42.Kh3 Rg1 43.Kh2 Rd1 44.Kg3 Kf6
45.Ra1 Nd8 46.Kf2 Nf7 47.Ke2 Rh1 48.Kd2 Ng5 49.Ke2 Rh2+ 50.Ke3 Rh3 51.Ra6 Rxf3+
52.Ke2 Ke7 53.Ra7+ Kf8 54.Rd7 Rf6 55.Ke3 Nf7 56.Ne2 Nh6 57.Kd2 Ng4 58.Ke1 Nh2
59.Kd2 Nf3+ 60.Ke3 Ng5 61.Nc1 Nf3 62.Ne2 Nd4 63.Nc1 g5 64.Rh7 Rf1 65.Kd2 Rf2+
66.Ke1 Rf4 67.Rh6 Ke7 68.Rh7+ Kf6 69.Rh6+ Kg7 70.Rxd6 g4 71.Rd7+ Kf6 72.Nd3 Rxe4+
73.Kf2 g3+ 74.Kg1 Re2 75.Nxc5 Nf3+ 76.Kf1 Rf2+  0-1

[Event "34th Oberwart Open A"]
[Site "Oberwart AUT"]
[Date "2012.07.12"]
[Round "6.6"]
[White "Varga,Me"]
[Black "Stanec,N"]
[Result "0-1"]
[WhiteElo "2222"]
[BlackElo "2527"]

1.Nf3 Nf6 2.c4 d6 3.d4 g6 4.g3 Bg7 5.Bg2 O-O 6.Nc3 c6 7.O-O Bf5 8.Ne1 Qc8
9.Qb3 e5 10.dxe5 dxe5 11.a4 a5 12.e4 Be6 13.Nd3 Nfd7 14.Qa2 Na6 15.b3 Re8
16.Ba3 Bf8 17.Rac1 Nac5 18.Bxc5 Bxc5 19.Nxc5 Nxc5 20.Qa3 b6 21.Rcd1 Qc7 22.Qb2 Rad8
23.Qc2 Rxd1 24.Nxd1 Rd8 25.Ne3 Rd4 26.Rb1 Qd8 27.Bf3 Rd2 28.Qc3 Qd4 29.Qxd4 exd4
30.Nf1 Rd3 31.Bd1 Bh3 32.e5 Kf8 33.Bc2 Rc3 34.Bd1 Bf5 35.Rb2 Nd3 36.Rd2 c5
37.f4 Bh3 38.Bc2 Nc1 39.Bd1 Nxb3 40.Rb2 Nc1 41.Nd2 Re3 42.Nf3 Nd3 43.Rxb6 Bg4  0-1

[Event "9th South Wales Int"]
[Site "Penarth WLS"]
[Date "2012.07.12"]
[Round "9.7"]
[White "Poobalasingam,P"]
[Black "Van Kemenade,R"]
[Result "1-0"]
[WhiteElo "2263"]
[BlackElo "2014"]

1.d4 Nf6 2.Nf3 g6 3.g3 Bg7 4.c4 d6 5.Bg2 O-O 6.O-O Nc6 7.Nc3 e5 8.d5 Ne7
9.Ne1 Ne8 10.e4 f5 11.Nd3 c5 12.f4 b6 13.Bd2 Rb8 14.Kh1 h6 15.Qe2 fxe4 16.Nxe4 exf4
17.Nxf4 Nf5 18.Nxg6 Nd4 19.Rxf8+ Bxf8 20.Qh5 Bg7 21.Bxh6 Nf6 22.Nxf6+ Qxf6
23.Bxg7 Kxg7 24.Re1 Rb7 25.Re8 Qf5 26.Qh8+ Kxg6 27.Be4 Qxe4+ 28.Rxe4 Bf5
29.Re8 Rh7 30.Rg8+ Kf7 31.Rf8+ Kg6 32.Qf6+ Kh5 33.Qh4+ Kg6 34.Rf6+ Kg7 35.Qg5+ Kh8
36.Rf8+  1-0

[Event "9th South Wales Int"]
[Site "Penarth WLS"]
[Date "2012.07.12"]
[Round "9.10"]
[White "Horton,Ju"]
[Black "Freeland,Alex"]
[Result "1-0"]
[WhiteElo "2079"]
[BlackElo "1792"]

1.Nf3 Nf6 2.c4 g6 3.d4 Bg7 4.g3 O-O 5.Bg2 d6 6.O-O Nbd7 7.Nc3 c5 8.h3 cxd4
9.Nxd4 Qc7 10.b3 a6 11.Bb2 Nc5 12.Rc1 Bd7 13.Qd2 Bc6 14.Nd5 Bxd5 15.cxd5 Qd8
16.Rc2 a5 17.Rfc1 Qd7 18.Rc4 Rfc8 19.e3 a4 20.b4 Na6 21.a3 Rxc4 22.Rxc4 Rc8
23.Qc2 Rxc4 24.Qxc4 Qc7 25.Qb5 Qd7 26.Qd3 e5 27.dxe6 fxe6 28.Nb5 d5 29.Be5 Ne8
30.Bxg7 Kxg7 31.e4 Nac7 32.Qc3+ Kg8 33.Nxc7 Qxc7 34.Qd3 dxe4 35.Qxe4 Nd6
36.Qxe6+ Kf8 37.Bd5 Nb5 38.Qg8+ Ke7 39.Qe6+ Kd8 40.Qg8+ Kd7 41.Qxh7+ Kd6
42.Qxc7+ Kxc7 43.Be4 Nxa3 44.Bxg6 Nc4 45.Bb1 a3 46.h4 Kd6 47.Ba2 Nb2 48.h5 Ke7
49.h6 Kf6 50.Bb1 Nd1 51.g4 Nc3 52.g5+ Kf7 53.g6+ Kg8 54.Bc2 a2 55.Bb3+ Kf8
56.g7+  1-0

[Event "34th Oberwart Open A"]
[Site "Oberwart AUT"]
[Date "2012.07.13"]
[Round "7.33"]
[White "Notegger,P"]
[Black "Seifert,Mi"]
[Result "0-1"]
[WhiteElo "1965"]
[BlackElo "2159"]

1.Nf3 g6 2.c4 Bg7 3.d4 d6 4.g3 Nf6 5.Bg2 O-O 6.Nc3 Nc6 7.O-O a6 8.e4 e5 9.d5 Ne7
10.h3 h6 11.Nh2 Nh5 12.Qd3 f5 13.h4 Kh7 14.Ne2 f4 15.g4 Nf6 16.f3 Nd7 17.Bd2 Ng8
18.b4 Qxh4 19.Be1 Qe7 20.Bf2 Bf6 21.Rac1 b6 22.Rfd1 Bh4 23.Rf1 Bxf2+ 24.Rxf2 Ngf6
25.Rc3 Kg7 26.Nc1 Rh8 27.Qf1 Nh7 28.Nd3 Ng5 29.Rfc2 a5 30.c5 axb4 31.cxd6 cxd6
32.Nxb4 Nc5 33.Nc6 Qc7 34.Nb4 Bd7 35.Qa1 Ra4 36.Nd3 Kh7 37.Nb2 Ra7 38.Nd3 Rha8
39.Bf1 Ra3 40.Rxa3 Rxa3 41.Ne1 Qa7 42.Qb2 Qa5 43.Qb1 b5 44.Kf2 b4 45.Bc4 Na4
46.Nd3 Rc3 47.Kg2 Rxc2+ 48.Qxc2 Nc5 49.Nxc5 Qxc5 50.Qd3 h5 51.Bb3 Bb5 52.Qc2 Kg7
53.gxh5 gxh5 54.Qf2 Qxf2+ 55.Kxf2 Kf6 56.Bd1 Ke7 57.Be2 Ba4 58.Nf1 Kd8 59.Nd2 Kc7
60.Nc4 Bb5 61.Bd3 Bxc4 62.Bxc4 Kb6 63.Bb3 Kc5 64.Bd1 Kd4 65.Be2 h4 66.Ba6 h3
67.Bf1 Kc3 68.Be2 Kb2 69.Bc4 h2 70.Kg2 Nxf3  0-1

[Event "TCh-CHN 2012"]
[Site "Tianjin CHN"]
[Date "2012.07.14"]
[Round "10"]
[White "Ju Wenjun"]
[Black "Ren,Xiaoyi"]
[Result "1-0"]
[WhiteElo "2557"]
[BlackElo "2202"]

1.d4 Nf6 2.c4 g6 3.g3 Bg7 4.Bg2 d6 5.Nf3 O-O 6.O-O Nbd7 7.Nc3 e5 8.Qc2 Re8
9.Rd1 c6 10.e4 a6 11.h3 Qc7 12.a4 b6 13.Be3 Bb7 14.Rd2 Rac8 15.Rad1 b5 16.dxe5 dxe5
17.c5 b4 18.Na2 a5 19.Bf1 Nb8 20.Nc1 h6 21.Nb3 g5 22.Rd6 Re7 23.h4 g4 24.Nfd2 Ne8
25.Nc4 Nxd6 26.cxd6  1-0

[Event "Turkish Bank Chess League 2012"]
[Site "Konya TUR"]
[Date "2012.07.15"]
[Round "5"]
[White "Genc,C"]
[Black "Agamaliev,G"]
[Result "0-1"]
[WhiteElo "2203"]
[BlackElo "2518"]

1.d4 Nf6 2.Nf3 g6 3.c4 Bg7 4.g3 O-O 5.Bg2 d6 6.O-O Nbd7 7.Nc3 e5 8.h3 exd4
9.Nxd4 Re8 10.e4 Nc5 11.Re1 h6 12.Rb1 Bd7 13.b4 Ne6 14.Nf3 a5 15.a3 axb4
16.axb4 Bc8 17.Bb2 c6 18.b5 Qc7 19.Na4 cxb5 20.cxb5 Bd7 21.e5 dxe5 22.Bxe5 Qd8
23.Nc3 Nc5 24.Qd4 Rc8 25.Rbd1 Bf5 26.Nd5 Qxd5 27.Bxf6  0-1

[Event "Turkish Bank Chess League 2012"]
[Site "Konya TUR"]
[Date "2012.07.15"]
[Round "5"]
[White "Dogan,A"]
[Black "Eden,Y"]
[Result "1-0"]
[WhiteElo "2151"]
[BlackElo "1754"]

1.d4 Nf6 2.c4 g6 3.g3 Bg7 4.Bg2 d6 5.Nf3 O-O 6.O-O Nbd7 7.Qc2 Re8 8.Rd1 c6
9.Nc3 e5 10.b3 Qe7 11.e3 Nf8 12.dxe5 dxe5 13.a4 Bf5 14.e4 Bg4 15.Ba3 Qc7
16.Bd6 Qc8 17.Rd2 N6d7 18.h3 Bxf3 19.Bxf3 Ne6 20.Bg4 Nd4 21.Qd1 h5 22.Be2 Nf8
23.Kg2 Nfe6 24.h4 c5 25.b4 b6 26.Nd5 Qd7 27.bxc5 bxc5 28.Rxd4 exd4 29.e5 Rac8
30.Bf3 Nd8 31.Rb1 Re6 32.Nf4 Rxd6 33.exd6 Qxd6 34.Qe2 Ne6 35.Nd5 Rb8 36.Ne7+ Kf8
37.Nxg6+ fxg6 38.Rxb8+ Qxb8 39.Qxe6 Qb6 40.Qc8+ Ke7 41.Bc6 Qd8 42.Qb7+ Kf6
43.Bd5 Qe7 44.Qc6+ Kf5 45.Be6+ Kf6 46.Bg8+ Ke5 47.Qd5+ Kf6 48.Qf3+  1-0

[Event "24th ch-Southern California 2012"]
[Site "Monterey Park USA"]
[Date "2012.07.15"]
[Round "4"]
[White "Stein,J"]
[Black "Yanayt,E"]
[Result "0-1"]
[WhiteElo "2128"]
[BlackElo "2270"]

1.d4 Nf6 2.c4 g6 3.g3 Bg7 4.Bg2 O-O 5.Nf3 d6 6.O-O Nc6 7.Nc3 a6 8.b3 Rb8
9.e3 b5 10.Nd2 Bd7 11.Bb2 Na5 12.Rb1 c5 13.dxc5 dxc5 14.Nce4 Nxe4 15.Nxe4 Bf5
16.Bxg7 Kxg7 17.cxb5 axb5 18.Qc1 Nb7 19.Qc3+ Kg8 20.Rbc1 Bxe4 21.Bxe4 Nd6
22.Bg2 Rc8 23.Rfd1 Qb6 24.a4 Rc7 25.Ra1 b4 26.Qe5 c4 27.a5 Qa7 28.bxc4 Nxc4
29.Qd4 Rb8 30.a6 Rb6 31.Qd8+ Kg7 32.Bb7 Rbxb7 33.axb7 Qxb7 34.Ra8 b3 35.Qh8+ Kh6
36.Qd4 Qxa8 37.Qf4+ g5 38.Qxc7 Qe4 39.Rd4 b2 40.Rxe4 b1=Q+ 41.Kg2 Qxe4+ 42.f3 Nxe3+  0-1

[Event "ch-PHI Grand Final 2012"]
[Site "Boracay PHI"]
[Date "2012.07.16"]
[Round "2.3"]
[White "Pascua,H"]
[Black "Salvador,R"]
[Result "0-1"]
[WhiteElo "2310"]
[BlackElo "2484"]

1.d4 Nf6 2.c4 g6 3.Nf3 Bg7 4.g3 O-O 5.Bg2 d6 6.O-O Nbd7 7.Nc3 e5 8.d5 a5
9.b3 h6 10.Bb2 Nh5 11.e4 Nc5 12.Nd2 Bd7 13.Qe2 f5 14.exf5 Bxf5 15.Nde4 b6
16.Nxc5 bxc5 17.a4 Qd7 18.Nb5 Rf7 19.Bc3 Bh3 20.Bxh3 Qxh3 21.f3 Bf6 22.Ra2 Bg5
23.Qe1 Ng7 24.Rg2 Nf5 25.Bd2 Raf8 26.Bxg5 hxg5 27.g4 Nd4 28.Rg3 Qh8 29.Kg2 Qg7
30.Nc3 Rb8 31.Ne4 Rxb3 32.Nxg5 Nc2 33.Qxa5 Ne3+ 34.Kg1 Nxf1 35.Rh3 e4 36.Ne6 exf3
37.Qa8+ Rf8 38.Rh7 f2+  0-1

[Event "Turkish Bank Chess League 2012"]
[Site "Konya TUR"]
[Date "2012.07.16"]
[Round "7"]
[White "Firat,Deniz"]
[Black "Ulusoy,Nisan"]
[Result "1-0"]
[WhiteElo "1657"]
[BlackElo "1793"]

1.d4 Nf6 2.c4 g6 3.Nf3 Bg7 4.g3 d6 5.Bg2 O-O 6.O-O Nbd7 7.Nc3 e5 8.e4 Ne8
9.d5 h6 10.b4 f5 11.Ba3 Ndf6 12.Re1 fxe4 13.Nd2 e3 14.Rxe3 Ng4 15.Rf3 Rxf3
16.Bxf3 Nef6 17.Rc1 h5 18.Nde4 Bh6 19.Ra1 Nxe4 20.Nxe4 Bf5 21.c5 Bxe4 22.Bxe4 Qf6
23.Qe2 Rf8 24.f3 Be3+ 25.Kg2 Bd4 26.Rc1 Ne3+ 27.Kh1 h4 28.g4 Qg5 29.h3 c6
30.dxc6 d5 31.Bxd5+ Nxd5 32.cxb7 Kh8 33.b5 Qe3 34.Qxe3 Bxe3 35.c6 Rd8 36.c7 Nxc7
37.Rxc7 Rd1+ 38.Kg2 Rg1+ 39.Kh2  1-0

[Event "Turkish Bank Chess League 2012"]
[Site "Konya TUR"]
[Date "2012.07.16"]
[Round "7"]
[White "Cetinkaya,V"]
[Black "Can,E"]
[Result "0-1"]
[WhiteElo "2040"]
[BlackElo "2469"]

1.d4 Nf6 2.c4 g6 3.g3 Bg7 4.Bg2 O-O 5.Nf3 d6 6.Nc3 Nbd7 7.e4 e5 8.O-O Re8
9.Re1 exd4 10.Nxd4 a6 11.h3 Rb8 12.Be3 Ne5 13.b3 c5 14.Nc2 b5 15.f4 Ned7
16.Qd3 b4 17.Ne2 Bb7 18.Rad1 Nxe4 19.Bc1 f5 20.Ne3 Ndf6 21.Bb2 Qd7 22.Nf1 Re6
23.Nh2 Rbe8 24.Nf3 Qc7 25.Ng5 R6e7 26.Kf1 Rd8 27.Ng1 Nxg5 28.fxg5 Ne4 29.Bxg7 Kxg7
30.h4 d5 31.Ne2 d4 32.Nf4 Rde8 33.Re2 Nc3 34.Rxe7+ Rxe7 35.Re1 Bxg2+ 36.Nxg2 Rxe1+
37.Kxe1 Qe5+ 38.Kf2  0-1

[Event "7th Nana Aleksandria Cup"]
[Site "Poti GEO"]
[Date "2012.07.16"]
[Round "3.12"]
[White "Gvarjaladze,N"]
[Black "Shalamberidze,A"]
[Result "0-1"]
[WhiteElo "1946"]
[BlackElo "2342"]

1.d4 Nf6 2.Nf3 g6 3.c4 Bg7 4.g3 O-O 5.Bg2 d6 6.Nc3 Nc6 7.d5 Na5 8.Nd2 c5
9.h3 a6 10.O-O Rb8 11.a4 e6 12.e4 Re8 13.Re1 Bd7 14.Rb1 exd5 15.exd5 Bf5
16.Ra1 Qb6 17.Bf1 Rxe1 18.Qxe1 Bc2 19.Nce4 Nxe4 20.Nxe4 Nb3 21.a5 Qc7 22.Ra3 Nxc1
23.Nxd6 Qxd6 24.Qxc1 Bf5 25.Rb3 Bd4 26.Kg2 b6 27.g4 Bd7 28.axb6 Rxb6 29.Qc2 Rxb3
30.Qxb3 Qf6 31.f3 Qh4 32.Qc2 Be5 33.Qf2 Qxf2+ 34.Kxf2 Bxb2 35.Bd3 a5 36.Ke2 a4
37.Kd2 a3 38.Bb1 Kf8  0-1

[Event "XXI TCh-MKD 2012"]
[Site "Struga MKD"]
[Date "2012.07.16"]
[Round "1.2"]
[White "Glavinac,G"]
[Black "Georgiev,Vl"]
[Result "0-1"]
[WhiteElo "2173"]
[BlackElo "2562"]

1.Nf3 Nf6 2.c4 d6 3.d4 g6 4.g3 Bg7 5.Bg2 O-O 6.O-O c6 7.Nc3 Qa5 8.e4 e5 9.h3 Nbd7
10.Re1 Re8 11.d5 Qc7 12.Rb1 a6 13.Bf1 h6 14.Be3 Nc5 15.Nd2 cxd5 16.cxd5 Nh7
17.b4 Nd7 18.Rc1 Qd8 19.Nc4 Qe7 20.a4 f5 21.a5 Ng5 22.Bxg5 hxg5 23.exf5 gxf5
24.Qh5 e4 25.Qg6 Ne5 26.Nxe5 Qxe5 27.Qxg5 Bd7 28.Ne2 Rac8 29.Rxc8 Rxc8 30.Nf4 Qf6
31.Qh5 Rc2 32.Rb1 Qd4 33.Be2 e3 34.f3 Rxe2 35.Nxe2 Qd3 36.Re1 Qd2 37.Kf1 Bb5
38.f4 Qxd5 39.Kg1 Bc6  0-1

[Event "Maria Albulet Memorial 2012"]
[Site "Braila ROU"]
[Date "2012.07.18"]
[Round "6"]
[White "Erdos,B"]
[Black "Sandu,Mi"]
[Result "1-0"]
[WhiteElo "2175"]
[BlackElo "2287"]

1.d4 Nf6 2.c4 g6 3.Nf3 Bg7 4.g3 O-O 5.Bg2 d6 6.Nc3 Nc6 7.O-O a6 8.Bf4 Rb8
9.Rc1 Bd7 10.d5 Na5 11.Nd2 c5 12.a3 b5 13.cxb5 axb5 14.b4 cxb4 15.axb4 Nc4
16.Qb3 Nxd2 17.Bxd2 Ng4 18.Ne4 Ne5 19.Bc3 Qb6 20.Rfd1 Rfc8 21.Ba1 Ra8 22.Rxc8+ Rxc8
23.h3 h5 24.e3 Bf5 25.Bd4 Qc7 26.Nc3 Bd3 27.Qa2 Bc4 28.Qa1 Qb7 29.Qb1 Ra8
30.Be4 Qc8 31.Kh2 f5 32.Bg2 Ra3 33.Qc1 Rb3 34.Nxb5 Rxb4 35.Na7 Qb7 36.Nc6 Nd3
37.Qc3 Bxd4 38.Qxd4 Nxf2 39.Nxb4 Nxd1 40.Qxc4 Nxe3 41.Qc6 Qb8 42.Nd3 Nxg2
43.Kxg2 h4 44.gxh4 Qa7 45.Qc8+ Kg7 46.Qe6 Qd4 47.Qxe7+ Kh8 48.Qf8+ Kh7 49.Qf7+ Kh6
50.Nf2 Qxh4 51.Qf8+ Kh7 52.Qxd6 Qd4 53.Qe7+ Kh6 54.d6 Qd5+ 55.Kg1 Qc5 56.Qh4+ Kg7
57.Qe7+ Kh6 58.Kg2 Qd5+ 59.Kf1 Qc5 60.Qe6 Qc1+ 61.Qe1 Qc4+ 62.Kg1 Qc6 63.Qd2+  1-0

[Event "Turkish Bank Chess League 2012"]
[Site "Konya TUR"]
[Date "2012.07.18"]
[Round "9"]
[White "Tulay,B"]
[Black "Topel,Z"]
[Result "1-0"]
[WhiteElo "2123"]
[BlackElo "2226"]

1.d4 Nf6 2.c4 g6 3.Nf3 Bg7 4.g3 d6 5.Bg2 O-O 6.Nc3 Nbd7 7.O-O e5 8.e4 Re8
9.h3 exd4 10.Nxd4 c6 11.Re1 Qb6 12.Nc2 Nc5 13.b4 Ne6 14.Be3 Qc7 15.Qd2 Nd7
16.f4 Nb6 17.Qd3 Nf8 18.Bd4 Be6 19.c5 dxc5 20.bxc5 Nbd7 21.Bxg7 Kxg7 22.f5 Ne5
23.Qe3 Bc4 24.f6+ Kxf6 25.Qh6 Nf3+ 26.Bxf3 Qxg3+ 27.Bg2 Qxc3 28.Ne3 Be6 29.e5+ Ke7
30.Rac1 Qb4 31.Qg5+ Kd7 32.Rb1 Qxc5 33.Rxb7+ Kc8 34.Rbb1 h6 35.Qf4 Nd7 36.Rbc1 Qa5
37.Bxc6 Rb8 38.Bxd7+ Kxd7 39.Qd4+ Bd5 40.Nxd5 Red8 41.e6+ Kd6 42.Qe5+  1-0

[Event "7th Nana Aleksandria Cup"]
[Site "Poti GEO"]
[Date "2012.07.18"]
[Round "6.7"]
[White "Zeynalov,F"]
[Black "Hayrapetian,A"]
[Result "0-1"]
[WhiteElo "2325"]
[BlackElo "2363"]

1.d4 Nf6 2.c4 g6 3.Nf3 Bg7 4.g3 O-O 5.Bg2 d6 6.O-O c6 7.Nc3 a6 8.d5 cxd5
9.cxd5 Nbd7 10.h3 Nc5 11.Be3 Bd7 12.Rc1 Rc8 13.Nd4 Qa5 14.a3 Na4 15.b4 Nxc3
16.Rxc3 Qd8 17.Rc1 Rxc1 18.Qxc1 Qc8 19.Qxc8 Rxc8 20.Rc1 Rxc1+ 21.Bxc1 Ba4
22.Kf1 Nd7 23.Nf3 Bc3 24.Nd2 Nb6 25.Nb1 Ba1 26.e4 Nc4 27.f4 Bc2 28.Nd2 Nb2
29.e5 Nd3 30.exd6 exd6 31.Be4 f5 32.Bxd3 Bxd3+ 33.Kf2 Bd4+ 34.Ke1 b5 35.Nb3 Bc3+
36.Bd2 Bf6 37.Be3 Bc4 38.Bd4 Bd8 39.Nd2 Bxd5 40.Kf2 Kf7 41.h4 h6 42.Ke3 g5
43.hxg5 hxg5 44.Nb1 Kg6 45.Nc3 gxf4+ 46.gxf4 Bc6 47.Ba7 Kf7 48.Ne2 Bh4 49.Nd4 Be4
50.Bb8 Ke7 51.Ne2 Bf6 52.Nd4 Kd7 53.Ne2 Bb2 54.Kd2 Kc6 55.Ba7 Kd5 56.Nc3+ Kc4
57.Nxe4 fxe4 58.Ke3 d5 59.Bc5 Bc1+  0-1